Zgadnij Miasto O którym myślę (polska) 2! - Statystyki

Ogólne statystyki
  • Ten quiz został rozwiązany 41 razy
  • Średni wynik to 7 z 13
Statystyki odpowiedzi
Pytanie Odpowiedź % Poprawnych
Druga stolica polski Kraków
95%
hmmmmmmmm przemysł? Przemyśl
78%
Władysław? Władysławowo
70%
Miasto na śląsko na litere G Gliwice
65%
Piasek w warszawie? Piaseczno
62%
Odkopmy : Zakopane
62%
Najbardziej chrześcijańskie miasto? Częstochowa
59%
K.... NOCĄ Katowice
59%
Nie daleko granicy z litwą Suwałki
57%
Małe miasto jarosława nie daleko granicy z ukrainą? Jarosław
54%
bardzo blisko morza.. Kołobrzeg
30%
Legia na dolnym śląsku? lol Legnica
19%
Miasto piłki nożnej? Piła
5%
Nie znaleziono quizów pasujących do podanych kryteriów
Rozkład punktacji
Procent ludzi z każdym wynikiem
Percentyl według liczby udzielonych odpowiedzi
Twoja historia wyników
Nie rozwiązałeś tego quizu